| 000 | 00405cam a22001217a 4500 | ||
|---|---|---|---|
| 008 | 180718b1947 xxu||||| |||| 00| 0 eng d | ||
| 082 | _aT2x54 A151r | ||
| 245 |
_aRepid development of Indian industries _cby All India Manufactures Organization |
||
| 260 |
_aBombay _bAll India Manufactures Organization _c1947 |
||
| 300 | _a298p. | ||
| 650 | _aIndustry - India | ||
| 700 | _aAll India Manufactures Organization | ||
| 999 |
_c357517 _d357517 |
||